| 000 | 01689nam a2200253Ia 4500 | ||
|---|---|---|---|
| 003 | Ost | ||
| 005 | 20260507075803.0 | ||
| 008 | 260507s9999||||xx |||||||||||||| ||und|| | ||
| 020 | _a9789960559070 | ||
| 040 | _cfsecg | ||
| 041 | _aara | ||
| 082 | _a352.96 | ||
| 100 |
_aألميندينجر، فيليب _eمؤلف |
||
| 245 | 0 |
_aالتخطيط بعد عام 2000 / _c فيليب ألميندينجر |
|
| 260 |
_aالمملكة العربية السعودية : _bالنشر العلمي والمطابع, _c2012 |
||
| 300 |
_a539 صفحة؛ _bإيضاحات ؛ _c24 سم |
||
| 504 | _aكشاف مصطلحات ص.523 كشاف موضوعات ص.539 بيبليوغرافيا: ص ص.493-522 | ||
| 520 | _aيضم التخطيط في الألفية الجديدة، التخطيط والتنمية المستدامة، السياسة البيئية في الألفية، التخطيط الريفي، الأزمة العمرانية، التخطيط ونظام الإسكان، آثار كفاءة الإدارة الحديثة على التخطيط في الألفية، إعادة تأكيد أهمية تخطيط المدن، سياسة النقل، التنمية الاقتصادية المحلية، تخطيط المدن للقرن الحادي والعشرين، التخطيط وأوروبا والقرن الحادي زالعشرون، الإسكان والاقصاء الاجتماعي، التخطيط في المستقبل. | ||
| 653 | _aالإدارة العامة | ||
| 653 | _aالتخطيط | ||
| 700 |
_aالمعيوف، عبد الإله بن محمد _eمؤلف ثانوي |
||
| 700 |
_aمايكل، تشابمان _eمؤلف ثانوي |
||
| 942 | _cكتاب | ||
| 999 |
_c46341 _d46341 |
||